000 00545nam a2200193Ia 4500
005 20250508150525.0
008 008 250505s9999 xx 000 0 hin d
037 _aBooks to be hide in OPAC
040 _aFEDL
_beng
_cFEDL
041 _ahin
_2hin
084 _a491.430 7, CHA/O
_qFEDL
100 _aChaturvedi Sita Ram
245 0 _aHindi shikshan vidhan
260 _aBanaras, India
_bHindi-Sahitya-Kutir
_c1948
300 _a140p
365 _aINR
_b1.4
942 _cHB
_h491.430 7, CHA/O
999 _c1324065
_d1324065